Patisserie/viennoiserie #1 - Statistiques

Statistiques générales
  • Ce quiz a été pris 1 117 fois
  • Le résultat moyen est 15 sur 20
Statistiques - réponses
Par images Réponse % Correct
Croissant
100%
Pain au chocolat
98%
Mille-feuille
96%
Macaron
92%
Donuts
90%
Cookies
89%
Beignet
88%
Chouquette
88%
Eclair au chocolat
88%
Paris-Brest
84%
Brioche
83%
Pain au lait
83%
Palmier
79%
Pain au raisin
77%
Chausson aux pommes
73%
Cannelés
63%
Pain suisse
59%
Tarte au citron meringuée
55%
Tartelette à la fraise
30%
Tarte au flan
17%
Aucun quiz correspondant
Distribution des résultats
% des personnes avec chaque résultat
Percentile par nombre de réponses
Votre historique - résultats
Vous n’avez pas pris ce quiz